|
|
|
|
| LEADER |
00000cam a2200000 a 4500 |
| 001 |
vtls010286024 |
| 003 |
SK-MaSNL |
| 005 |
20260301031834.0 |
| 008 |
240318s2011 xo g 000 0 slo |
| 015 |
|
|
|a SNBA2011/12-06124
|
| 020 |
|
|
|a 9788022329828
|q (brož.)
|
| 035 |
|
|
|a EA9AAA83-9A71-4BA3-B5F3-E08A4E78C1AD
|
| 035 |
|
|
|a urn:nbn:sk:snk-amji3u
|
| 035 |
|
|
|a urn:nbn:sk:snk-am001you
|
| 040 |
|
|
|a SNK
|b slo
|c SNK
|e AACR2
|
| 041 |
0 |
|
|a slo
|
| 044 |
|
|
|a xo
|c SK
|
| 072 |
|
7 |
|a 2-23/-27
|x Biblia. Biblistika
|2 konspekt
|
| 080 |
|
|
|a 2-534.6-051
|2 2001
|
| 080 |
|
|
|a 27-23
|2 2001
|
| 080 |
|
|
|a (049)
|2 2001
|
| 080 |
|
|
|a 27-277.2
|2 2001
|
| 080 |
|
|
|a 27-244.45
|2 2001
|
| 080 |
|
|
|a 27-232/-236
|2 2001
|
| 100 |
1 |
|
|a Bándy, Juraj,
|d 1950-
|4 aut
|9 201342
|
| 245 |
1 |
0 |
|a Exegéza knihy proroka Micheáša
|c Juraj Bándy
|
| 250 |
|
|
|a 1. vyd.
|
| 260 |
|
|
|a Bratislava
|b Univerzita Komenského
|c 2011
|
| 300 |
|
|
|a 97 s.
|c 21 cm
|
| 366 |
|
|
|e 100 výt.
|
| 504 |
|
|
|a Bibliogr. s. 97. Pozn.
|
| 630 |
0 |
7 |
|a Biblia
|p Micheáš
|2 SNKPH
|9 102762
|
| 650 |
0 |
7 |
|a proroci
|2 SNKPH
|9 68612
|
| 650 |
0 |
7 |
|a biblická exegéza
|2 SNKPH
|9 4349
|
| 650 |
0 |
7 |
|a Prophets
|2 SNKPHeng
|9 311643
|
| 650 |
0 |
7 |
|a Biblical exegesis
|2 SNKPHeng
|9 302426
|
| 650 |
0 |
7 |
|a biblické texty
|2 SNKPH
|9 1917
|
| 650 |
0 |
7 |
|a Biblical texts
|2 SNKPHeng
|9 265584
|
| 655 |
|
7 |
|a rozpravy
|2 SNKPH
|9 70559
|
| 655 |
|
7 |
|a Essays
|2 SNKPHeng
|9 267540
|
| 852 |
|
|
|a Štátna vedecká knižnica v Banskej Bystrici
|
| 919 |
|
|
|a 978-80-223-2982-8
|
| 958 |
|
|
|a OND
|
| 958 |
|
|
|a NT
|
| 958 |
|
|
|a NB
|
| 968 |
|
|
|d 2
|
| 999 |
|
|
|c 577403
|d 579333
|
| 952 |
|
|
|a SNK
|b SNK
|y PREZ
|7 0
|p 17A0704713
|o snkSC 145833
|i snk2011/13695
|8 0
|0 0
|1 0
|4 0
|d 2011-06-15
|l 0
|r 2025-07-15 00:00:00
|w 2026-02-23
|
| 952 |
|
|
|a SNK
|b SNK
|y VYP
|7 0
|p 17A0704712
|o snkSC 145833 D1
|i snk2011/13697
|8 0
|0 0
|1 0
|4 0
|d 2011-06-15
|f 1
|l 0
|r 2026-02-23 14:38:09
|w 2026-02-23
|